[Event "RSA-chT U20"]
[Site "Cape Town"]
[Date "2016.01.06"]
[Round "6.4"]
[White "Bothma, Kennith"]
[Black "Van Zyl Rudd, Jack"]
[Result "0-1"]
[WhiteElo "1106"]
[BlackElo "1691"]
[PlyCount "59"]
[EventDate "2016.01.04"]
[EventType "team-tourn"]
[EventRounds "7"]
[EventCountry "RSA"]
[SourceTitle "CBM 170 Extra"]
[Source "ChessBase"]
[SourceDate "2016.02.25"]
[SourceVersion "1"]
[SourceVersionDate "2016.02.25"]
[SourceQuality "1"]
[WhiteTeam "Ekurhuleni"]
[BlackTeam "Nelson Mandela Bay"]
[WhiteTeamCountry "RSA"]
[BlackTeamCountry "RSA"]

1. e4 c5 2. Nf3 e6 3. d4 cxd4 4. Nxd4 Nc6 5. Be3 Nf6 6. Bd3 Be7 7. 0-0 Qc7 8. Nc3 0-0 9. Qf3 a6 10. Rfe1 d6 11. Qg3 Kh8 12. Rad1 Bd7 13. Nf3 b5 14. Bg5 Rac8 15. e5 dxe5 16. Nxe5 Nxe5 17. Qxe5 Qxe5 18. Rxe5 h6 19. Bh4 Bc6 20. Re2 Rfe8 21. f3 Bc5+ 22. Bf2 Bxf2+ 23. Kxf2 Red8 24. a3 Kg8 25. Red2 Kf8 26. Ne4 Bxe4 27. fxe4 Ke7 28. Ke3 Rd7 29. Be2 Rxd2 30. Rxd2 0-1